简单上手的无奶油点心70款 (Record no. 66592)

000 -LEADER
fixed length control field 00579nam a22002057a 4500
003 - CONTROL NUMBER IDENTIFIER
control field MPLRDC
005 - DATE AND TIME OF LATEST TRANSACTION
control field 20220104200228.0
008 - FIXED-LENGTH DATA ELEMENTS--GENERAL INFORMATION
fixed length control field 210129b ||||| |||| 00| 0 eng d
020 ## - INTERNATIONAL STANDARD BOOK NUMBER
International Standard Book Number 978-986-331-982-5
082 ## - DEWEY DECIMAL CLASSIFICATION NUMBER
Classification number 427.16 GDZG
100 ## - MAIN ENTRY--PERSONAL NAME
Personal name 宫代真弓 MAYUMI MIYADAI
245 ## - TITLE STATEMENT
Title 简单上手的无奶油点心70款
Statement of responsibility, etc. 李宜萍 译
250 ## - EDITION STATEMENT
Edition statement 初版
260 ## - PUBLICATION, DISTRIBUTION, ETC.
Place of publication, distribution, etc. 台湾
Name of publisher, distributor, etc. 台湾东贩股份有限公司
Date of publication, distribution, etc. 2016
300 ## - PHYSICAL DESCRIPTION
Other physical details
490 ## - SERIES STATEMENT
Series statement 饮食天地
520 ## - SUMMARY, ETC.
Summary, etc. 上架 2017-03-16。
650 ## - SUBJECT ADDED ENTRY--TOPICAL TERM
Topical term or geographic name entry element 食谱--点心、糕饼制法
942 ## - ADDED ENTRY ELEMENTS (KOHA)
Koha item type Book
-- 427.16 GDZG
Holdings
Withdrawn status Lost status Source of classification or shelving scheme Damaged status Not for loan Collection code Home library Current library Shelving location Date acquired Cost, normal purchase price Total Checkouts Total Renewals Full call number Barcode Date last seen Date last checked out Price effective from Koha item type Public note
            Malaysian Public Library, Research and Development Centre Malaysian Public Library, Research and Development Centre   31/07/2016 48.40   2 427.16 GDZG 00060205 18/03/2021 04/08/2018 18/03/2021 Book mplrdc

© 2022. Malaysian Public Library, Research and Development Centre. All Right ReservedE-mailmplrdc@help.edu.my 

Powered by Koha